[Event "World Rapid Women 2025"]
[Site "Doha QAT"]
[Date "2025.12.27"]
[Round "5.32"]
[White "Pham, Le Thao Nguyen"]
[Black "Kaliakhmet, Elnaz"]
[Result "1/2-1/2"]
[WhiteTitle "IM"]
[BlackTitle "WIM"]
[WhiteElo "2348"]
[BlackElo "2329"]
[WhiteFideId "12401226"]
[BlackFideId "13730169"]
[EventDate "2025.12.26"]

1. d4 d5 2. Nf3 Nf6 3. c4 e6 4. Nc3 a6 5. c5 b6 6. cxb6 cxb6 7. Bg5 Be7 8. e3
Nc6 9. Bd3 Bd7 10. Rc1 O-O 11. O-O h6 12. Bh4 b5 13. Ne5 Na5 14. b3 Rc8 15. Bxf6
Bxf6 16. Qd2 Nc6 17. f4 Be7 18. Ne2 Ba3 19. Rcd1 f5 20. Ng3 Be8 21. Qe2 Qe7 22.
h3 Nxe5 23. fxe5 Qg5 24. Qf2 Bh5 25. Rd2 Bb4 26. Rc2 Rxc2 27. Bxc2 Rc8 28. Bd1
Bxd1 29. Rxd1 Rc3 30. Nf1 Qd8 31. Qe2 Qc8 32. Qh5 Kh7 33. Qf7 Rc7 34. Qh5 Rc2
35. a4 bxa4 36. bxa4 Ra2 37. Qf3 Rxa4 38. Ng3 Ra2 39. Nh5 Bf8 40. Nf4 Rc2 41.
Kh2 a5 42. Ra1 Qa6 43. Qg3 g5 44. Nh5 Kg6 45. Nf6 Be7 46. h4 a4 47. hxg5 hxg5
48. Qh3 Bxf6 49. exf6 Qd6+ 50. Kh1 Kxf6 51. Qh6+ Kf7 52. Qh7+ Ke8 53. Qg8+ Kd7
54. Qxg5 a3 55. Qg7+ Qe7 56. Qxe7+ Kxe7 57. Rxa3 Kf6 58. Kh2 Re2 59. Kg3 Kg5 60.
Kf3 Rb2 61. Ra6 Kf6 62. Rc6 1/2-1/2

[Event "World Rapid Women 2025"]
[Site "Doha QAT"]
[Date "2025.12.27"]
[Round "5.33"]
[White "Bayasgalan, Khishigbaatar"]
[Black "Bodnaruk, Anastasia"]
[Result "1/2-1/2"]
[WhiteTitle "WCM"]
[BlackTitle "IM"]
[WhiteElo "2249"]
[BlackElo "2357"]
[WhiteFideId "4904311"]
[BlackFideId "4181751"]
[EventDate "2025.12.26"]

1. e4 c5 2. Nf3 d6 3. d4 cxd4 4. Nxd4 Nf6 5. Nc3 a6 6. g3 e5 7. Nb3 Be7 8. Bg2
b5 9. a4 b4 10. Nd5 Nxd5 11. Qxd5 Ra7 12. Be3 Be6 13. Qd3 Rb7 14. O-O O-O 15.
Rfd1 Qc7 16. Rac1 Bc4 17. Qd2 a5 18. f4 Nd7 19. Qf2 f6 20. Nd2 Bf7 21. b3 Nb6
22. Kh1 Rd8 23. h3 Qc6 24. Kh2 Nd7 25. Bf1 Nc5 26. Bxc5 dxc5 27. Nc4 Rbd7 28.
Rxd7 Rxd7 29. Bd3 exf4 30. Qxf4 Bd6 31. Qf2 Bc7 32. Rd1 Rd4 33. Ne3 Rd8 34. Nf5
Kf8 35. Qe3 Be6 36. Bb5 Qb6 37. Rxd8+ Bxd8 38. Qd2 Be7 39. Ne3 Qd6 40. Qxd6 Bxd6
41. Kg2 Bc7 42. Bc4 Bd7 43. Bd5 Ke7 44. g4 g6 45. Kf3 Be5 46. Nc4 Bc7 47. Nd2 h5
48. Nc4 Bc8 49. Ne3 hxg4+ 50. hxg4 Bd7 51. Bc4 Bc6 52. Bd5 Bd7 53. Bb7 Be6 54.
Ba6 Be5 55. Bc4 Bd4 56. Nd5+ Bxd5 57. Bxd5 Kd6 58. Bf7 g5 59. Ke2 Kc6 60. Kd3
Kb6 61. Kc4 Kc6 62. Be8+ Kb6 63. Kd5 Be5 64. Bf7 Bd4 65. Be8 Be5 66. Bf7 Bd4 1/2-1/2

[Event "World Rapid Women 2025"]
[Site "Doha QAT"]
[Date "2025.12.27"]
[Round "5.34"]
[White "Preobrazhenskaya, Diana"]
[Black "Lyutsinger, Iren"]
[Result "1-0"]
[WhiteTitle "WFM"]
[BlackTitle "FM"]
[WhiteElo "2131"]
[BlackElo "2169"]
[WhiteFideId "34270566"]
[BlackFideId "34425969"]
[EventDate "2025.12.26"]

1. e4 e5 2. Nf3 Nc6 3. Bc4 Nf6 4. d3 Be7 5. Nc3 d6 6. a3 O-O 7. h3 Be6 8. Nd5
Qd7 9. Bg5 Bxd5 10. exd5 Nd8 11. Qe2 Rb8 12. Bb3 a5 13. O-O a4 14. Ba2 Ne8 15.
d4 Bxg5 16. Nxg5 exd4 17. Qd3 Nf6 18. Qxd4 b5 19. Rfe1 Nb7 20. Re3 Nc5 21. Rae1
Rbe8 22. c3 Rxe3 23. Rxe3 Re8 24. Bb1 Rxe3 25. fxe3 Qe8 26. Nf3 Qa8 27. e4 Qe8
28. e5 Nfd7 29. Qh4 h6 1-0

[Event "World Rapid Women 2025"]
[Site "Doha QAT"]
[Date "2025.12.27"]
[Round "5.35"]
[White "Gunina, Valentina"]
[Black "Nandhidhaa, P V"]
[Result "1-0"]
[WhiteTitle "GM"]
[BlackTitle "WGM"]
[WhiteElo "2393"]
[BlackElo "2257"]
[WhiteFideId "4167570"]
[BlackFideId "5050847"]
[EventDate "2025.12.26"]

1. e4 c5 2. Nf3 Nc6 3. Bb5 Nf6 4. e5 Nd5 5. O-O Nc7 6. Bc4 e6 7. Nc3 d5 8. exd6
Bxd6 9. b3 O-O 10. Bb2 b6 11. Re1 Bb7 12. Ne4 Be7 13. Ng3 Nd5 14. Qe2 Bf6 15.
Bxf6 Nxf6 16. c3 Qd6 17. Bd3 Rad8 18. Bc2 Rfe8 19. Rad1 Qf4 20. a3 h6 21. b4
cxb4 22. axb4 a6 23. Ne4 Nxe4 24. Bxe4 b5 25. d4 Qc7 26. Rd3 Ne7 27. Bxb7 Qxb7
28. Ne5 f6 29. Ng4 Nd5 30. Rg3 Kf8 31. Qd2 h5 32. Ne3 Nxe3 33. fxe3 Qe4 34. Rf1
Rc8 35. Rh3 Qg6 36. Rh4 Rc7 37. e4 Rec8 38. Rf3 Qf7 39. h3 Ke7 40. e5 f5 41.
Qg5+ Kd7 42. d5 Rxc3 43. Rd4 Ke8 44. dxe6 Qxe6 45. Rxc3 Rxc3 46. Qd8+ Kf7 47.
Rd7+ Kg6 48. Rd6 Rc1+ 49. Kh2 1-0

[Event "World Rapid Women 2025"]
[Site "Doha QAT"]
[Date "2025.12.27"]
[Round "5.36"]
[White "Yu, Jennifer"]
[Black "Priyanka, Nutakki"]
[Result "0-1"]
[WhiteTitle "FM"]
[BlackTitle "WGM"]
[WhiteElo "2276"]
[BlackElo "2292"]
[WhiteFideId "2078341"]
[BlackFideId "25049615"]
[EventDate "2025.12.26"]

1. c4 e5 2. Nc3 Bb4 3. g3 Bxc3 4. bxc3 d5 5. Bg2 dxc4 6. Qa4+ c6 7. Qxc4 Ne7 8.
Nf3 Nd7 9. a4 h6 10. a5 O-O 11. O-O Re8 12. e4 Ng6 13. Re1 Nf6 14. Qb3 Rb8 15.
Qc2 c5 16. d4 cxd4 17. cxd4 exd4 18. Qd3 Bg4 19. Nxd4 Ne5 20. Qe3 Nc4 21. Qc3
Rc8 22. h3 Ne5 23. Qe3 Nc4 24. Qd3 Bh5 25. Ra4 Nxa5 26. Qb5 b6 27. Bb2 Rc5 28.
Qf1 Qd7 29. Rb4 Bg6 30. f3 Nc6 31. Nxc6 Qxc6 32. e5 Nd5 33. f4 Rc2 34. Rd4 Qc5
35. Bxd5 Rxb2 36. Rd1 Rd8 37. Qc4 Rxd5 38. Qxd5 Qc3 39. R4d2 Rxd2 40. Rxd2 Qxg3+
41. Rg2 Qe3+ 42. Rf2 Be4 43. Qd8+ Kh7 44. Qh4 Qe1+ 45. Kh2 Qh1+ 0-1

[Event "World Rapid Women 2025"]
[Site "Doha QAT"]
[Date "2025.12.27"]
[Round "5.37"]
[White "Omonova, Umida"]
[Black "Wang, Chuqiao"]
[Result "0-1"]
[WhiteTitle "WIM"]
[BlackTitle "WIM"]
[WhiteElo "2294"]
[BlackElo "2235"]
[WhiteFideId "14210363"]
[BlackFideId "8631638"]
[EventDate "2025.12.26"]

1. e4 e6 2. d4 d5 3. e5 c5 4. c3 Nc6 5. Nf3 Bd7 6. Be2 Nge7 7. O-O Ng6 8. Be3
Be7 9. a3 O-O 10. Nbd2 cxd4 11. cxd4 f6 12. exf6 Bxf6 13. Nb3 b6 14. Re1 Nce7
15. Bd3 Rc8 16. Bd2 Nf5 17. a4 a5 18. Bxf5 exf5 19. Nc1 Re8 20. Nd3 Rxe1+ 21.
Qxe1 Qe8 22. Qd1 Rc4 23. b3 Rc8 24. Qf1 Qe6 25. Re1 Qd6 26. Nde5 Re8 27. Nxd7
Qxd7 28. Rxe8+ Qxe8 29. Qa6 Qd8 30. Qb7 h6 31. Qc6 Kh7 32. h3 Ne7 33. Qe6 Qc7
34. Bf4 Qxf4 35. Qxb6 Qc1+ 36. Kh2 Qc3 37. Qb7 Qc6 38. Qa7 Qd6+ 39. g3 Qb4 40.
Kg2 Nc6 41. Qd7 Nxd4 42. Qxd5 Qxb3 0-1

[Event "World Rapid Women 2025"]
[Site "Doha QAT"]
[Date "2025.12.27"]
[Round "5.38"]
[White "Serikbay, Assel"]
[Black "Tokhirjonova, Gulrukhbegim"]
[Result "0-1"]
[WhiteTitle "WIM"]
[BlackTitle "IM"]
[WhiteElo "2221"]
[BlackElo "2372"]
[WhiteFideId "13706799"]
[BlackFideId "14203626"]
[EventDate "2025.12.26"]

1. d4 Nf6 2. c4 e6 3. Nc3 Bb4 4. e3 O-O 5. Bd3 d5 6. a3 Bxc3+ 7. bxc3 c5 8. cxd5
exd5 9. Ne2 Nc6 10. O-O Re8 11. Ng3 a6 12. a4 Be6 13. Ba3 c4 14. Bc2 b5 15. axb5
axb5 16. Qb1 Qb6 17. Bc5 Qb7 18. Rxa8 Rxa8 19. e4 h6 20. f4 dxe4 21. Nxe4 Nd7
22. f5 Bd5 23. f6 Bxe4 24. Bxe4 Nxf6 25. Rxf6 gxf6 26. Qf1 Re8 27. Qf5 Rxe4 28.
Qxe4 Qc8 29. Qf4 Kg7 30. Qg3+ Kh7 31. Qf3 Qe6 32. h3 Ne7 33. Bxe7 Qxe7 34. Qf5+
Kg7 35. Qg4+ Kf8 36. Kf2 Qc7 37. Qh4 Kg7 38. Qg4+ Kf8 39. Qh4 b4 40. Qxh6+ Kg8
41. cxb4 c3 42. Qxf6 c2 43. Qg5+ Kf8 44. Qh6+ Ke8 45. Qc1 Qc3 46. Ke2 Kd7 47. h4
Kc6 48. h5 Kb5 49. h6 Kc4 50. h7 Qd3+ 51. Ke1 Qxh7 52. b5 Qh1+ 53. Kd2 Qxg2+ 54.
Ke1 Qg1+ 55. Kd2 Qf2# 0-1

[Event "World Rapid Women 2025"]
[Site "Doha QAT"]
[Date "2025.12.27"]
[Round "5.39"]
[White "Sharma, Isha"]
[Black "Cori T., Deysi"]
[Result "0-1"]
[WhiteTitle "WIM"]
[BlackTitle "IM"]
[WhiteElo "2245"]
[BlackElo "2349"]
[WhiteFideId "35006665"]
[BlackFideId "3801934"]
[EventDate "2025.12.26"]

1. e4 e6 2. d4 d5 3. Nd2 a6 4. Ngf3 Nf6 5. e5 Nfd7 6. Be2 c5 7. c3 Nc6 8. Nf1
cxd4 9. cxd4 Bb4+ 10. Bd2 Qb6 11. Bxb4 Qxb4+ 12. Qd2 f6 13. exf6 Nxf6 14. a3
Qxd2+ 15. N1xd2 Ne4 16. Bd3 Nxd2 17. Kxd2 O-O 18. h3 Bd7 19. b4 h6 20. Rae1 Rf4
21. Ke3 Raf8 22. Rhf1 Be8 23. Ne5 Nxe5 24. dxe5 Bb5 25. f3 Bxd3 26. Kxd3 a5 27.
Rb1 Ra8 28. Ke3 Rc4 29. bxa5 Rxa5 30. Rb3 Rc2 31. g4 b5 32. f4 Rh2 33. Kd4 Rc2
34. f5 Rc4+ 35. Kd3 Kf7 36. Rfb1 Rf4 37. Rxb5 Rxa3+ 38. R1b3 Rxb3+ 39. Rxb3 exf5
40. gxf5 Rf3+ 41. Kc2 Rxf5 42. Rb7+ Kg6 43. e6 Re5 44. Rd7 Rxe6 45. Rxd5 Re3 46.
h4 Rh3 47. Rd4 Kh5 48. Rd7 Rg3 49. Rd4 Rg4 50. Rd5+ Kxh4 51. Kd2 Re4 52. Kd3 Re6
53. Rd7 g5 54. Ra7 g4 55. Ra1 g3 56. Rh1+ Kg4 0-1

[Event "World Rapid Women 2025"]
[Site "Doha QAT"]
[Date "2025.12.27"]
[Round "5.40"]
[White "Tarasenka, Aliaksandra"]
[Black "Kiolbasa, Oliwia"]
[Result "0-1"]
[WhiteTitle "WIM"]
[BlackTitle "IM"]
[WhiteElo "2266"]
[BlackElo "2397"]
[WhiteFideId "13514288"]
[BlackFideId "1154613"]
[EventDate "2025.12.26"]

1. e4 e6 2. d4 d5 3. Nc3 Nf6 4. Bg5 Be7 5. e5 Nfd7 6. h4 Bxg5 7. hxg5 Qxg5 8.
Nh3 Qh4 9. g3 Qe7 10. Qg4 g6 11. O-O-O a6 12. Ng5 h5 13. Qf4 Nc6 14. Rh4 Nf8 15.
Bg2 Nh7 16. Nxh7 Rxh7 17. Bxd5 Bd7 18. Ne4 O-O-O 19. Nf6 Rhh8 20. Be4 Qb4 21.
Qe3 Na5 22. d5 Nc4 23. Qd4 c5 24. a3 cxd4 25. axb4 Nxe5 26. Rxd4 exd5 27. Bxd5
Bc6 28. Rhf4 Bxd5 29. Nxd5 Nc6 30. Rd1 f5 31. c4 Rhe8 32. b5 Ne5 33. bxa6 bxa6
34. Rfd4 Kb7 35. b3 Ng4 36. R4d2 g5 37. Rh1 Rh8 38. Re2 Rd7 39. f3 Nh6 40. Rxh5 0-1

[Event "World Rapid Women 2025"]
[Site "Doha QAT"]
[Date "2025.12.27"]
[Round "5.41"]
[White "Nguyen Hong Nhung"]
[Black "Shvedova, Alexandra"]
[Result "0-1"]
[WhiteTitle "FM"]
[BlackTitle "WIM"]
[WhiteElo "2268"]
[BlackElo "2255"]
[WhiteFideId "12412201"]
[BlackFideId "54154782"]
[EventDate "2025.12.26"]

1. e4 e5 2. Nf3 Nc6 3. d4 exd4 4. Nxd4 Nf6 5. Nc3 Bb4 6. Nxc6 bxc6 7. Bd3 O-O 8.
O-O d5 9. exd5 cxd5 10. h3 c6 11. Qf3 Bd6 12. Bf4 Qc7 13. Bxd6 Qxd6 14. Rad1 Rb8
15. b3 Bd7 16. Ne2 c5 17. Nf4 Bc6 18. Rfe1 Rfe8 19. Qg3 Nd7 20. Bf5 d4 21. Bxd7
Bxd7 22. Nd3 Qd5 23. c3 Rbd8 24. cxd4 cxd4 25. Nf4 Rxe1+ 26. Rxe1 Qf5 27. Rd1
Bb5 28. Nd3 h6 29. a4 Ba6 30. b4 Bc4 31. Ne5 Qc2 32. Ra1 d3 33. Qh4 Rc8 34. Qg4
Be6 35. Qd1 d2 36. Kh2 Bb3 37. Qg4 Re8 38. Nd7 Qc7+ 39. Qg3 Qxg3+ 40. Kxg3 d1=Q
41. Rxd1 Bxd1 42. Nc5 Rb8 43. b5 Rc8 44. Nb7 Bxa4 45. Nd6 Rb8 46. Kf4 Bxb5 47.
g4 a5 48. Ne4 a4 49. Nc3 a3 50. Ke5 Bc4 51. Kd4 a2 0-1

[Event "World Rapid Women 2025"]
[Site "Doha QAT"]
[Date "2025.12.27"]
[Round "5.42"]
[White "Dimitrijevic, Aleksandra"]
[Black "Kurmangaliyeva, Liya"]
[Result "0-1"]
[WhiteTitle "WGM"]
[BlackTitle "FM"]
[WhiteElo "2063"]
[BlackElo "2339"]
[WhiteFideId "929239"]
[BlackFideId "13725831"]
[EventDate "2025.12.26"]

1. d4 Nf6 2. c4 e6 3. g3 d5 4. Nf3 Bb4+ 5. Bd2 Be7 6. Bg2 O-O 7. O-O c6 8. Nc3
dxc4 9. a4 a5 10. e4 b6 11. Qe2 Ba6 12. Rfd1 Nbd7 13. Bf4 Bb4 14. e5 Nd5 15. Ng5
h6 16. Nge4 Nxf4 17. gxf4 Qh4 18. Qe3 Rad8 19. Kh1 Kh8 20. Rg1 f5 21. Nd2 Nb8
22. Bf3 c5 23. d5 Bxc3 24. bxc3 exd5 25. e6 Qe7 26. Rg6 Rf6 27. Rxf6 gxf6 28.
Bg2 Kh7 29. Bh3 Rg8 30. Bxf5+ Kh8 31. Qh3 Qg7 32. Nf3 Nc6 33. Rg1 Qf8 34. Rxg8+
Kxg8 35. Qg4+ Qg7 36. Qh5 Ne7 37. Qe8+ Qf8 38. Bh7+ Kg7 39. Qd7 Kxh7 40. Nh4 Bc8
41. Qc7 Bxe6 42. f5 Bf7 43. Qxb6 Ng8 44. Qxa5 d4 45. cxd4 cxd4 46. Qc7 Qe7 47.
Qc6 d3 48. Nf3 Qd8 49. Qb7 Qd5 0-1

[Event "World Rapid Women 2025"]
[Site "Doha QAT"]
[Date "2025.12.27"]
[Round "5.43"]
[White "Fataliyeva, Ulviyya"]
[Black "Ismayil, Malak"]
[Result "1-0"]
[WhiteTitle "IM"]
[BlackTitle "WIM"]
[WhiteElo "2434"]
[BlackElo "2138"]
[WhiteFideId "13403052"]
[BlackFideId "13412604"]
[EventDate "2025.12.26"]

1. d4 d5 2. Nf3 e6 3. Bf4 Nf6 4. c3 c5 5. e3 Be7 6. Ne5 O-O 7. Nd2 b6 8. h4 Ne8
9. Bd3 f5 10. g4 Bf6 11. gxf5 exf5 12. Ndf3 Nd6 13. dxc5 bxc5 14. Bc2 Bb7 15.
Bb3 c4 16. Bc2 d4 17. exd4 Bd5 18. Rh3 Ne4 19. Qe2 Qa5 20. Ng5 Nc6 21. Bxe4 fxe4
22. Nxe4 Bxe5 23. Bxe5 Nxe5 24. dxe5 Rae8 25. Nd6 Re6 26. Re3 Qd8 27. O-O-O Qa5
28. Nxc4 Qc5 29. Nd6 a5 30. Qb5 Qxb5 31. Nxb5 Bxa2 32. Nd4 Ree8 33. Rd2 a4 34.
e6 Bd5 35. e7 Rf7 36. Nb5 Bc6 37. Nd6 1-0

[Event "World Rapid Women 2025"]
[Site "Doha QAT"]
[Date "2025.12.27"]
[Round "5.44"]
[White "Khafizova, Diana"]
[Black "Zhurova, Anna"]
[Result "1-0"]
[WhiteTitle "WFM"]
[BlackTitle "WFM"]
[WhiteElo "2234"]
[BlackElo "2299"]
[WhiteFideId "34378049"]
[BlackFideId "54113075"]
[EventDate "2025.12.26"]

1. d4 Nf6 2. c4 e6 3. g3 c5 4. d5 exd5 5. cxd5 g6 6. Bg2 Bg7 7. Nf3 O-O 8. O-O
d6 9. Nc3 Re8 10. Bf4 a6 11. a4 Ne4 12. Nxe4 Rxe4 13. Nd2 Rb4 14. Ne4 Bh3 15.
Bxh3 Rxe4 16. Bg2 Rb4 17. e4 Rxb2 18. Rb1 Rxb1 19. Qxb1 b6 20. Re1 Ra7 21. Re2
Rb7 22. Qe1 f6 23. h4 b5 24. axb5 axb5 25. Qa1 b4 26. Qa8 Rb6 27. Bc1 Qc8 28.
Qa1 c4 29. Be3 Ra6 30. Qb1 b3 31. Bd4 Nd7 32. Bh3 Qc7 33. Be6+ Kh8 34. h5 Ne5
35. Kg2 Qb7 36. f4 Nd3 37. hxg6 h6 38. Qh1 b2 39. Bxf6 Nxf4+ 40. gxf4 b1=Q 41.
Qxh6# 1-0

[Event "World Rapid Women 2025"]
[Site "Doha QAT"]
[Date "2025.12.27"]
[Round "5.45"]
[White "Mikheeva, Galina"]
[Black "Buksa, Nataliya"]
[Result "0-1"]
[WhiteTitle "FM"]
[BlackTitle "IM"]
[WhiteElo "2122"]
[BlackElo "2397"]
[WhiteFideId "44108320"]
[BlackFideId "14123622"]
[EventDate "2025.12.26"]

1. e4 c5 2. Nc3 Nc6 3. Bb5 Nd4 4. Nf3 a6 5. Bd3 g6 6. Rb1 Bg7 7. b4 d6 8. bxc5
dxc5 9. Nd5 b5 10. Nxd4 cxd4 11. O-O e6 12. Nf4 Ne7 13. Be2 O-O 14. Nd3 Bb7 15.
Ba3 Bxe4 16. Nc5 Bd5 17. Bf3 Re8 18. Re1 Qc7 19. Be4 Red8 20. Bxd5 Nxd5 21. Nd3
Rac8 22. Rb2 Nb6 23. Qf3 Nc4 24. Rb3 Nxd2 25. Qe2 Nxb3 26. cxb3 Qc2 27. Bb4 Qxe2
28. Rxe2 Rd5 29. f3 e5 30. Kf2 f5 31. Ke1 Re8 32. Nf4 Rd7 33. Nd3 Rd5 34. Ba5 e4
35. Nb4 Rd6 36. Kd1 d3 37. Re3 Bh6 38. Re1 e3 0-1

[Event "World Rapid Women 2025"]
[Site "Doha QAT"]
[Date "2025.12.27"]
[Round "5.46"]
[White "Karimova, Guldona"]
[Black "Bulmaga, Irina"]
[Result "1/2-1/2"]
[WhiteTitle "WIM"]
[BlackTitle "IM"]
[WhiteElo "2288"]
[BlackElo "2389"]
[WhiteFideId "14210410"]
[BlackFideId "13903063"]
[EventDate "2025.12.26"]

1. e4 e5 2. Nf3 Nc6 3. Bc4 Bc5 4. c3 Nf6 5. d3 d6 6. O-O a5 7. Nbd2 h6 8. Re1
O-O 9. h3 a4 10. Nf1 Bd7 11. Bb5 Ne7 12. Bxd7 Nxd7 13. d4 Bb6 14. Ng3 f5 15.
exf5 Nxf5 16. Nxf5 Rxf5 17. Be3 e4 18. Nd2 d5 19. Qg4 Rf6 20. f3 a3 21. b3 exf3
22. Nxf3 c6 23. Bf4 Nf8 24. Ne5 Bc7 25. Bg3 Bxe5 26. Bxe5 Rg6 27. Qf5 Rg5 28.
Qd3 Qd7 29. Re2 Ng6 30. Bg3 Rf8 31. Rf1 Rxf1+ 32. Kxf1 Rf5+ 33. Kg1 Nf4 34. Bxf4
Rxf4 35. Qg6 Rf8 36. Qe6+ Qxe6 37. Rxe6 Kf7 38. Re5 Rd8 39. Kf2 Rd6 40. Ke2 b5
41. b4 Rg6 42. Rf5+ Rf6 43. Re5 Rg6 44. Kf2 Rf6+ 45. Ke2 Rg6 46. Rf5+ Rf6 47.
Rxf6+ Kxf6 48. Ke3 Kg5 49. Kf3 h5 50. g3 Kf5 51. Ke3 Kg5 52. Kf3 Kf5 53. h4 g5
54. hxg5 Kxg5 55. Ke3 Kg4 56. Kf2 Kf5 57. Ke3 Kg4 58. Kf2 Kg5 59. Kf3 Kf5 60.
Ke3 Kg4 61. Kf2 Kf5 1/2-1/2

[Event "World Rapid Women 2025"]
[Site "Doha QAT"]
[Date "2025.12.27"]
[Round "5.47"]
[White "Krush, Irina"]
[Black "Zherebtsova, Alexandra"]
[Result "1-0"]
[WhiteTitle "GM"]
[BlackTitle "FM"]
[WhiteElo "2402"]
[BlackElo "2307"]
[WhiteFideId "2012782"]
[BlackFideId "24129518"]
[EventDate "2025.12.26"]

1. d4 Nf6 2. c4 b6 3. f3 Nc6 4. Nc3 d5 5. Qa4 Qd7 6. cxd5 Nxd5 7. Nxd5 Qxd5 8.
e4 Qd6 9. Be3 Bd7 10. Bb5 e5 11. Ne2 exd4 12. Nxd4 Nxd4 13. Bxd7+ Qxd7 14. Qxd7+
Kxd7 15. Bxd4 Rd8 16. Ke2 f6 17. Rad1 Bd6 18. f4 Ke6 19. Kf3 Rhe8 20. g4 g6 21.
h4 h5 22. f5+ gxf5 23. exf5+ Kf7 24. g5 Be5 25. Bxe5 Rxd1 26. Rxd1 Rxe5 27. Kf4
Rc5 28. Rd7+ Ke8 29. Rd4 Kf7 30. b3 a5 31. Rd7+ Kg8 32. gxf6 Rc2 33. Kg5 Rxa2
34. Rxc7 a4 35. bxa4 Rxa4 36. Kxh5 Ra1 37. Kh6 Rg1 38. Rg7+ 1-0

[Event "World Rapid Women 2025"]
[Site "Doha QAT"]
[Date "2025.12.27"]
[Round "5.48"]
[White "Zhang, Lanlin"]
[Black "Kirtadze, Anastasia"]
[Result "1/2-1/2"]
[WhiteTitle "WIM"]
[BlackTitle "WIM"]
[WhiteElo "2291"]
[BlackElo "2281"]
[WhiteFideId "8608032"]
[BlackFideId "13622714"]
[EventDate "2025.12.26"]

1. e4 c5 2. Nf3 e6 3. d4 cxd4 4. Nxd4 Nf6 5. Nc3 Nc6 6. Ndb5 Bb4 7. a3 Bxc3+ 8.
Nxc3 d5 9. Bd3 dxe4 10. Nxe4 Qd5 11. Qf3 Ne5 12. Nxf6+ gxf6 13. Qxf6 Nxd3+ 14.
cxd3 Rg8 15. Bd2 a5 16. Qf3 Rxg2 17. Qxd5 exd5 18. Be3 Bf5 19. Kd2 Kd7 20. Rac1
Rc8 21. Rxc8 Kxc8 22. h4 Rg4 23. Bb6 a4 24. h5 d4 25. Rc1+ Kd7 26. Rc4 Rh4 27.
Rxd4+ Rxd4 28. Bxd4 Kd6 29. Kc3 Kd5 30. Be3 Bg4 31. h6 Bf5 32. Kb4 Bd7 33. Ka5
f5 34. Kb6 Bc6 35. Kc7 Ke5 36. f4+ Ke6 37. Kb6 Kd5 38. Kc7 Ke6 39. Kb6 1/2-1/2

[Event "World Rapid Women 2025"]
[Site "Doha QAT"]
[Date "2025.12.27"]
[Round "5.49"]
[White "Nguyen Hong Anh"]
[Black "Balajayeva, Khanim"]
[Result "0-1"]
[WhiteTitle "WIM"]
[BlackTitle "IM"]
[WhiteElo "2010"]
[BlackElo "2351"]
[WhiteFideId "12406732"]
[BlackFideId "13406396"]
[EventDate "2025.12.26"]

1. d4 Nf6 2. c4 e6 3. Nc3 Bb4 4. Qc2 d5 5. a3 Bxc3+ 6. Qxc3 O-O 7. Bg5 dxc4 8.
Qxc4 b6 9. Nf3 Ba6 10. Qc2 h6 11. Bh4 Nbd7 12. Ne5 c5 13. Rd1 Qc8 14. Bxf6 Nxf6
15. dxc5 bxc5 16. Nc4 Rb8 17. e3 Bxc4 18. Bxc4 Qb7 19. O-O Qxb2 20. Qd3 Qe5 21.
h3 Qc7 22. Rc1 Rfd8 23. Qe2 Qa5 24. e4 Qxa3 25. Ra1 Qb4 26. Rxa7 Rd2 27. Qe3
Rbd8 28. e5 Nh7 29. Be2 Qd4 30. Qf3 Ng5 31. Qh5 Qxe5 32. Bg4 Qf6 33. h4 Ne4 34.
Bf3 Qf5 35. Qxf5 exf5 36. Rc7 Rc2 37. Ra1 Nxf2 38. Raa7 Rf8 39. Bd5 Ng4 40.
Bxf7+ Rxf7 0-1

[Event "World Rapid Women 2025"]
[Site "Doha QAT"]
[Date "2025.12.27"]
[Round "5.50"]
[White "Shubenkova, Veronika"]
[Black "Girya, Olga"]
[Result "1-0"]
[WhiteTitle "WFM"]
[BlackTitle "GM"]
[WhiteElo "2013"]
[BlackElo "2398"]
[WhiteFideId "44124040"]
[BlackFideId "4195752"]
[EventDate "2025.12.26"]

1. d4 Nf6 2. e3 d5 3. f4 Bf5 4. Bd3 e6 5. Nf3 c5 6. c3 Nc6 7. O-O Be7 8. Qc2
Bxd3 9. Qxd3 Ne4 10. Nbd2 f5 11. Ne5 Nxe5 12. fxe5 c4 13. Qc2 O-O 14. Nxe4 dxe4
15. Bd2 Qd5 16. Rf2 a5 17. Raf1 h5 18. Qd1 g6 19. g3 Kg7 20. Rg2 Rh8 21. h3 Raf8
22. Qa4 Rf7 23. Rb1 b5 24. Qd1 Bg5 25. Qe2 Rb8 26. a3 a4 27. Rf1 Rbf8 28. Rgf2
Rh8 29. Rg2 Bd8 30. Rgf2 Kf8 31. Rh2 Rfh7 32. Kf2 Ke8 33. Ke1 Kd7 34. Rg2 Kc8
35. Kd1 Qd7 36. Rfg1 Be7 37. g4 hxg4 38. hxg4 Bd8 39. gxf5 gxf5 40. Kc2 Qf7 41.
Be1 Rh1 42. Bg3 Rxg1 43. Rxg1 Rh3 44. Bf4 Qh7 45. Qg2 Rf3 46. Kb1 Qh3 47. Qg6
Rf1+ 48. Rxf1 Qxf1+ 49. Ka2 Kd7 50. Qf7+ 1-0

[Event "World Rapid Women 2025"]
[Site "Doha QAT"]
[Date "2025.12.27"]
[Round "5.51"]
[White "Machlik, Monika"]
[Black "Kulon, Klaudia"]
[Result "0-1"]
[BlackTitle "IM"]
[WhiteElo "2084"]
[BlackElo "2335"]
[WhiteFideId "1513621"]
[BlackFideId "1131044"]
[EventDate "2025.12.26"]

1. d4 Nf6 2. c4 e6 3. Nc3 d5 4. cxd5 exd5 5. Bg5 Be7 6. e3 Nbd7 7. Bd3 O-O 8. h3
c6 9. Qc2 Re8 10. Bf4 Nf8 11. Nf3 Ne6 12. Bg3 c5 13. dxc5 Nxc5 14. O-O Nxd3 15.
Qxd3 Ne4 16. Nxe4 dxe4 17. Qxe4 Bf6 18. Qb4 a5 19. Qa3 Qb6 20. Nd4 Bxd4 21. exd4
Qxd4 22. Rad1 Qe4 23. Qd3 Qb4 24. Qd4 Be6 25. a3 Qb3 26. Be5 f6 27. Bg3 Rad8 28.
Qxd8 Rxd8 29. Rxd8+ Kf7 30. Rd2 g5 31. Rc1 h5 32. Rc3 Qb5 33. Bd6 Qf5 34. Rc7+
Kg6 35. Bf8 Qb1+ 36. Kh2 Qe4 37. Bd6 Qe1 38. Rcc2 Bb3 39. Re2 Qb1 40. Rcd2 Qf5
41. Re3 a4 42. Rf3 Qb5 43. Re3 Bd5 44. Rc3 Bc6 45. Re3 Qf5 46. Rc3 Qe4 47. f3
Qe1 48. Rcc2 Qe6 49. Rc3 h4 50. Rcc2 Kh5 51. Rc3 f5 52. Rcc2 Bd5 53. Rc5 Qxd6+ 0-1

[Event "World Rapid Women 2025"]
[Site "Doha QAT"]
[Date "2025.12.27"]
[Round "5.52"]
[White "Kairbekova, Amina"]
[Black "Druzhinina, Olga"]
[Result "1/2-1/2"]
[WhiteTitle "WGM"]
[BlackTitle "WFM"]
[WhiteElo "2353"]
[BlackElo "2175"]
[WhiteFideId "13712799"]
[BlackFideId "4141911"]
[EventDate "2025.12.26"]

1. e4 c5 2. Nf3 d6 3. d4 cxd4 4. Nxd4 Nf6 5. Nc3 a6 6. Be3 e5 7. Nb3 Be6 8. f3
h5 9. Qd2 Nbd7 10. O-O-O Qc7 11. Kb1 Be7 12. Bd3 b5 13. h3 h4 14. Rhe1 b4 15.
Nd5 Bxd5 16. exd5 Nxd5 17. Be4 Nxe3 18. Qxe3 Rd8 19. f4 O-O 20. g3 a5 21. gxh4
a4 22. Nc1 a3 23. f5 axb2 24. Nb3 Bf6 25. Rg1 Kh8 26. Qf3 d5 27. Bxd5 e4 28.
Qh5+ Kg8 29. Nd2 Rc8 30. Bb3 Nc5 31. Rg2 e3 32. Nc4 Ne4 33. Rdg1 e2 34. Rxg7+
Bxg7 35. Rxg7+ Kxg7 36. f6+ Nxf6 37. Qg5+ Kh7 38. Qf5+ Kg7 39. Qg5+ Kh7 40. Qf5+
Kg7 41. Qg5+ 1/2-1/2